000 00514 a2200193 4500
005 20260414112504.0
008 260413b |||||||| |||| 00| 0 eng d
020 _a9781666870190
_c$ 185.00
040 _aMAIN
082 _a660.62
_bM266S
100 _aMadoroba, Evelyn
245 _aScope of industrial microbiology
260 _bAmerican Academic Publisher
_c2024
_aWilmington
300 _avii, 323
650 _aMicrobiology
650 _aChemical Engineering
650 _aBiotechnology
942 _cBK
999 _c395833
_d395833